Market-Tržište Review for Marketing Theory and Practice : Scientific Semi-Annual Journal

Gespeichert in:
Bibliographische Detailangaben
Format: Schriftenreihe
Sprache:Kroatisch
Englisch
Veröffentlicht: Zagreb University of Zagreb
Tags: Tag hinzufügen
Keine Tags, Fügen Sie das erste Tag hinzu!

MARC

LEADER 00000nas1a2200000 4500
001 0269950
005 20250627110033.0
022 |a 0353-4790 
022 |a 1849-1383 
041 0 |a hrv 
041 0 |a eng 
044 |a HR 
245 1 0 |a Market-Tržište  |b Review for Marketing Theory and Practice : Scientific Semi-Annual Journal 
264 1 |a Zagreb  |b University of Zagreb